El Píndaro catalán /
Descripción Física:
Il·lustracions
Colección:
San Jorge,
; núm. 13 (gener 1954), pàg 19-27
Otros Autores:
Dimas, Ramón
Materias:
Cabanyes, Manuel de, -- 1808-1833
; Cabanyes, Manuel de, -- 1808-1833 -- Crítica i interpretació
; Cabanyes, Manuel de, -- 1808-1833 -- Poesia
Idioma:
Español
MARC
| LEADER | 00000naa a2200000 a 4500 | ||
|---|---|---|---|
| 003 | Arxiu | ||
| 005 | 20260324181047.0 | ||
| 008 | 160829s1954 spcaxx s spa c | ||
| 040 | |a agdb | ||
| 100 | 1 | |a Saltor, Octavi, |d 1902-1982 |9 29621 | |
| 245 | 1 | 3 | |a El Píndaro catalán / |c por Octavio Saltor ; información gráfica de R. Dimas |
| 300 | |b Il·lustracions | ||
| 490 | |a San Jorge, |v núm. 13 (gener 1954), pàg 19-27 | ||
| 505 | |a Conté: Adéu a Cabanyes / Josep M.ª Font Raventós, conseller síndic i ponent de Cultura de l'Ajuntament de La Granada | ||
| 600 | 1 | 0 | |9 54885 |a Cabanyes, Manuel de, |d 1808-1833 |
| 600 | 1 | 0 | |a Cabanyes, Manuel de, |d 1808-1833 |x Crítica i interpretació |9 54888 |
| 600 | 1 | 0 | |a Cabanyes, Manuel de, |d 1808-1833 |x Poesia |9 54887 |
| 700 | 1 | |9 54761 |a Dimas, Ramón |e fotografies | |
| 773 | |g Núm. 13 (gener 1954), pàg 19 - 27 |t San Jorge. | ||
| 901 | |a Arxiu | ||
| 942 | |n 1 |2 udc |c ART | ||
| 952 | |0 0 |1 0 |4 0 |6 REV509 |7 1 |9 64743 |a Arxiu |b Arxiu |d 2022-12-12 |l 0 |o Rev-509 |r 2022-12-12 00:00:00 |w 2022-12-12 |y ARXIU |z També disponible a Rev-523 | ||
| 999 | |c 52193 |d 52193 | ||